[Event "TCh-FRA Top 16 GpB"]
[Site "Montpellier"]
[Date "2007.04.29"]
[Round "4.8"]
[White "Wolfangel, Florence"]
[Black "Leroy, Didier"]
[Result "0-1"]
[WhiteElo "1983"]
[BlackElo "2305"]
[PlyCount "94"]
[EventDate "2007.05.??"]
[EventType "team"]
[EventRounds "11"]
[EventCountry "FRA"]
[SourceDate "2007.01.01"]
[WhiteTeam "Drancy"]
[BlackTeam "Evry"]
[WhiteTeamCountry "FRA"]
[BlackTeamCountry "FRA"]

1. d4 Nf6 2. c4 c5 3. d5 a6 4. f3 e6 5. e4 exd5 6. exd5 d6 7. Nc3 g6 8. Qe2+
Kd7 9. Qc2 Bg7 10. Bd3 Nh5 11. g3 Re8+ 12. Nge2 Nf6 13. Bd2 Ke7 14. g4 Nbd7 15.
g5 Ng8 16. f4 f5 17. h4 Nf8 18. a4 Kd7 19. a5 Rb8 20. Na4 Qe7 21. O-O-O Qf7 22.
Nb6+ Kc7 23. Rde1 h5 24. Ng3 Bd7 25. Bc3 Rxe1+ 26. Rxe1 Re8 27. Rxe8 Bxe8 28.
Qe2 Bxc3 29. bxc3 Kd8 30. Bc2 Qc7 31. Bd3 Ne7 32. Qb2 Nd7 33. Na8 Qxa5 34. Qxb7
Qxc3+ 35. Bc2 Qe1+ 36. Bd1 Qa5 37. Ba4 Nc8 38. Qb3 Qe1+ 39. Kc2 Qf2+ 40. Kb1
Qxf4 41. Qb7 Qxc4 42. Qc7+ Ke7 43. Qxc8 Qxa4 44. Nc7 Qb3+ 45. Kc1 Qb8 46. Qxa6
Qxc7 47. Qe2+ Ne5 0-1

[Event "TCh-FRA Top 16 GpB"]
[Site "Montpellier"]
[Date "2007.04.29"]
[Round "4.2"]
[White "Maze, Sebastien"]
[Black "Georgiev, Kiril"]
[Result "0-1"]
[WhiteElo "2506"]
[BlackElo "2660"]
[PlyCount "164"]
[EventDate "2007.05.??"]
[EventType "team"]
[EventRounds "11"]
[EventCountry "FRA"]
[SourceDate "2007.01.01"]
[WhiteTeam "Montpellier"]
[BlackTeam "Mulhouse"]
[WhiteTeamCountry "FRA"]
[BlackTeamCountry "FRA"]

1. e4 e5 2. Nf3 Nc6 3. Bb5 Nf6 4. d3 Bc5 5. Nc3 d6 6. O-O Bd7 7. Na4 Bb6 8.
Nxb6 axb6 9. c3 O-O 10. Re1 Ne7 11. Bc4 Ba4 12. Bb3 Bxb3 13. Qxb3 Ng6 14. Be3
Re8 15. Rad1 h6 16. a3 Qd7 17. Nd2 b5 18. Nf1 d5 19. Ng3 Rad8 20. Nf5 b6 21. f3
c5 22. c4 bxc4 23. dxc4 d4 24. Bd2 Qe6 25. a4 Nd7 26. g3 Ne7 27. Nxe7+ Rxe7 28.
Qd3 Rf8 29. g4 h5 30. h3 g6 31. Kh2 hxg4 32. fxg4 f6 33. Rg1 Rh7 34. Rdf1 Rff7
35. b3 Nf8 36. Kg3 g5 37. Rf5 Qe7 38. Rgf1 Ng6 39. Bc1 Rf8 40. Re1 Re8 41. Bd2
Kg7 42. Rh1 Reh8 43. Bc1 Rh6 44. Bd2 Nh4 45. Rff1 Qb7 46. Rf2 Ng6 47. Rf5 Ne7
48. Rff1 Nc8 49. Qf3 Nd6 50. Re1 Qa8 51. Kg2 Qe8 52. Qd3 Rh4 53. Re2 Qc6 54.
Be1 R4h6 55. Bg3 Qa8 56. Qf3 Qe8 57. Qd3 R8h7 58. Be1 Kg8 59. Qf3 Nf7 60. Bd2
Qe7 61. Rf2 Kg7 62. Qd3 Nh8 63. Kg3 Ng6 64. Rfh2 Rh8 65. Kf3 Re8 66. Bc1 Rh4
67. Ke2 Nf4+ 68. Bxf4 exf4 69. Kf3 Qe5 70. Re2 Kf7 71. Ree1 f5 72. gxf5 Reh8
73. Kg2 g4 74. hxg4 f3+ 75. Qxf3 Rh2+ 76. Rxh2 Qxh2+ 77. Kf1 Rh3 78. Qf2 Qh1+
79. Ke2 Qxe4+ 80. Kd2 Qd3+ 81. Kc1 Qxb3 82. Qb2 Qxc4+ 0-1

[Event "TCh-FRA Top 16 GpB"]
[Site "Montpellier"]
[Date "2007.04.29"]
[Round "4.3"]
[White "Wojtaszek, Radoslaw"]
[Black "Hamdouchi, Hichem"]
[Result "1-0"]
[WhiteElo "2620"]
[BlackElo "2598"]
[PlyCount "113"]
[EventDate "2007.05.??"]
[EventType "team"]
[EventRounds "11"]
[EventCountry "FRA"]
[SourceDate "2007.01.01"]
[WhiteTeam "Mulhouse"]
[BlackTeam "Montpellier"]
[WhiteTeamCountry "FRA"]
[BlackTeamCountry "FRA"]

1. d4 Nf6 2. c4 c5 3. d5 e5 4. Nc3 d6 5. e4 Be7 6. Bd3 O-O 7. Nge2 Nh5 8. O-O
Bg5 9. Bxg5 Qxg5 10. Nb5 Qe7 11. Ng3 Nxg3 12. hxg3 Nd7 13. a3 g6 14. Nc3 h5 15.
f4 h4 16. f5 hxg3 17. Qg4 Nf6 18. Qh4 Kg7 19. Be2 Bd7 20. Qxg3 Rh8 21. b4 b6
22. Rab1 Rac8 23. bxc5 Rxc5 24. a4 Rh6 25. Qg5 Qd8 26. Kf2 Rc8 27. Rh1 Qh8 28.
Rxh6 Qxh6 29. Qxh6+ Kxh6 30. fxg6 fxg6 31. a5 bxa5 32. Rb7 a4 33. Ke3 Ra8 34.
Bd1 a3 35. Rb3 Rc8 36. Kd3 a2 37. Ra3 Rc7 38. Rxa2 Kg5 39. Ra6 Ne8 40. g3 Kf6
41. Ba4 Bxa4 42. Nxa4 Kg5 43. c5 Kg4 44. cxd6 Rd7 45. Nc5 Rxd6 46. Rxa7 Nf6 47.
Nb7 Rd7 48. Ra6 Nxd5 49. exd5 Rxb7 50. Ke4 Kg5 51. Kxe5 Rb3 52. d6 Rd3 53. Ra4
Rd5+ 54. Ke4 Kg4 55. Ra6 Rd3 56. Ke5 Kh5 57. Ra1 1-0

[Event "TCh-FRA Top 16 GpB"]
[Site "Montpellier"]
[Date "2007.04.29"]
[Round "4.4"]
[White "Marzolo, Cyril"]
[Black "Sokolov, Andrei"]
[Result "1/2-1/2"]
[WhiteElo "2459"]
[BlackElo "2584"]
[PlyCount "59"]
[EventDate "2007.05.??"]
[EventType "team"]
[EventRounds "11"]
[EventCountry "FRA"]
[SourceDate "2007.01.01"]
[WhiteTeam "Montpellier"]
[BlackTeam "Mulhouse"]
[WhiteTeamCountry "FRA"]
[BlackTeamCountry "FRA"]

1. d4 Nf6 2. c4 e6 3. Nf3 b6 4. g3 Ba6 5. Qc2 Bb7 6. Bg2 c5 7. d5 exd5 8. cxd5
Nxd5 9. Qb3 Nc7 10. Ne5 d5 11. Nc3 Be7 12. Bf4 O-O 13. O-O-O Bf6 14. Nxd5 Nxd5
15. Bxd5 Bxd5 16. Rxd5 Qc8 17. Qf3 Bxe5 18. Bxe5 f6 19. Rd6 Na6 20. Bc3 Nb4 21.
Kb1 Qc7 22. Rhd1 Rad8 23. Qf4 Rxd6 24. Rxd6 Na6 25. Qc4+ Kh8 26. Qd5 Qe7 27.
Re6 Qf7 28. Qe4 Qd7 29. a3 Nc7 30. Re7 1/2-1/2

[Event "TCh-FRA Top 16 GpB"]
[Site "Montpellier"]
[Date "2007.04.29"]
[Round "4.5"]
[White "Bricard, Emmanuel"]
[Black "Flear, Glenn C"]
[Result "1-0"]
[WhiteElo "2472"]
[BlackElo "2476"]
[PlyCount "87"]
[EventDate "2007.05.??"]
[EventType "team"]
[EventRounds "11"]
[EventCountry "FRA"]
[SourceDate "2007.01.01"]
[WhiteTeam "Mulhouse"]
[BlackTeam "Montpellier"]
[WhiteTeamCountry "FRA"]
[BlackTeamCountry "FRA"]

1. c4 e6 2. Nf3 d5 3. b3 Be7 4. Bb2 Bf6 5. Qc1 d4 6. d3 Nc6 7. g3 Nh6 8. Bg2
O-O 9. O-O e5 10. Na3 Re8 11. Nc2 a5 12. a3 Bf5 13. b4 a4 14. Qd2 Qd7 15. Rfe1
Bh3 16. Bh1 Ng4 17. Rad1 h6 18. e3 dxe3 19. Nxe3 Nxe3 20. Rxe3 Rad8 21. b5 Nd4
22. Nxd4 exd4 23. Rxe8+ Rxe8 24. Bxb7 Qe6 25. Be4 Kh8 26. f4 g5 27. Qf2 Qd6 28.
fxg5 hxg5 29. c5 Qe5 30. b6 cxb6 31. cxb6 Kg7 32. b7 Qd6 33. Rc1 Be5 34. Rc6
Qd7 35. Rc5 Bf6 36. Rd5 Qg4 37. Qf3 Qe6 38. Qxf6+ Kxf6 39. Bxd4+ Ke7 40. Bc5+
Kf6 41. Bh1 Qd7 42. d4 Rd8 43. b8=Q Re8 44. Qf4+ 1-0

[Event "TCh-FRA Top 16 GpB"]
[Site "Montpellier"]
[Date "2007.04.29"]
[Round "4.6"]
[White "Libiszewski, Fabien"]
[Black "Wirig, Anthony"]
[Result "1/2-1/2"]
[WhiteElo "2486"]
[BlackElo "2443"]
[PlyCount "30"]
[EventDate "2007.05.??"]
[EventType "team"]
[EventRounds "11"]
[EventCountry "FRA"]
[SourceDate "2007.01.01"]
[WhiteTeam "Montpellier"]
[BlackTeam "Mulhouse"]
[WhiteTeamCountry "FRA"]
[BlackTeamCountry "FRA"]

1. e4 c5 2. Nf3 e6 3. c4 Nc6 4. Nc3 e5 5. d3 d6 6. g3 Nge7 7. Bg2 g6 8. Bg5 Bg7
9. Nd5 h6 10. Be3 O-O 11. Qd2 Kh7 12. h4 Nxd5 13. cxd5 Nd4 14. Nh2 f5 15. f4
exf4 1/2-1/2

[Event "TCh-FRA Top 16 GpB"]
[Site "Montpellier"]
[Date "2007.04.29"]
[Round "4.7"]
[White "Riff, Jean Noel"]
[Black "Prie, Eric"]
[Result "1/2-1/2"]
[WhiteElo "2468"]
[BlackElo "2513"]
[PlyCount "36"]
[EventDate "2007.05.??"]
[EventType "team"]
[EventRounds "11"]
[EventCountry "FRA"]
[SourceDate "2007.01.01"]
[WhiteTeam "Mulhouse"]
[BlackTeam "Montpellier"]
[WhiteTeamCountry "FRA"]
[BlackTeamCountry "FRA"]

1. e4 d5 2. exd5 Qxd5 3. Nc3 Qa5 4. d4 Nf6 5. Bc4 Bg4 6. f3 Bf5 7. Nge2 Nbd7 8.
Bd2 Qb6 9. Ng3 Bg6 10. Qe2 O-O-O 11. O-O-O e6 12. Be3 Re8 13. h4 h5 14. Nge4
Nd5 15. Bb3 Nxe3 16. Qxe3 c6 17. f4 Nf6 18. Rhe1 Bb4 1/2-1/2

[Event "TCh-FRA Top 16 GpB"]
[Site "Montpellier"]
[Date "2007.04.29"]
[Round "4.8"]
[White "Flear, Christine"]
[Black "Muller, Anne"]
[Result "1/2-1/2"]
[WhiteElo "2168"]
[BlackElo "2187"]
[PlyCount "39"]
[EventDate "2007.05.??"]
[EventType "team"]
[EventRounds "11"]
[EventCountry "FRA"]
[SourceDate "2007.01.01"]
[WhiteTeam "Montpellier"]
[BlackTeam "Mulhouse"]
[WhiteTeamCountry "FRA"]
[BlackTeamCountry "FRA"]

1. Nf3 Nf6 2. g3 d5 3. Bg2 Bf5 4. d3 c6 5. O-O e6 6. c4 dxc4 7. dxc4 Qxd1 8.
Rxd1 Nbd7 9. h3 h6 10. Nc3 Bc2 11. Rd2 Bh7 12. b3 Be7 13. Bb2 O-O 14. Rad1 Rfd8
15. Kf1 Kf8 16. a3 Nc5 17. Rxd8+ Rxd8 18. Nb1 Ng8 19. Ng1 Ra8 20. Rd5 1/2-1/2

[Event "TCh-FRA Top 16 GpB"]
[Site "Montpellier"]
[Date "2007.04.29"]
[Round "5.3"]
[White "Bauer, Christian"]
[Black "Chabanon, Jean Luc"]
[Result "1-0"]
[WhiteElo "2629"]
[BlackElo "2426"]
[PlyCount "115"]
[EventDate "2007.05.??"]
[EventType "team"]
[EventRounds "11"]
[EventCountry "FRA"]
[SourceDate "2007.01.01"]
[WhiteTeam "Paris Chess 15"]
[BlackTeam "Evry"]
[WhiteTeamCountry "FRA"]
[BlackTeamCountry "FRA"]

1. e4 c5 2. Nf3 d6 3. c3 Nf6 4. h3 Nbd7 5. Bd3 b6 6. O-O Bb7 7. Re1 e5 8. Bc2
Be7 9. d4 O-O 10. d5 b5 11. a4 a6 12. Be3 bxa4 13. Nfd2 Nb6 14. c4 Bc8 15. Nc3
Rb8 16. Ra2 Ne8 17. Nxa4 Nxa4 18. Bxa4 g6 19. Nb3 Ng7 20. Bd2 Bg5 21. Na5 Bxd2
22. Qxd2 Qh4 23. Bd1 f5 24. Bf3 Rb4 25. Ra3 Ne8 26. Nc6 Rxc4 27. Qd3 Rb4 28.
Nxb4 cxb4 29. Ra4 Nf6 30. exf5 e4 31. Qd4 gxf5 32. Bd1 f4 33. Rxe4 Nxe4 34.
Qxe4 Qg5 35. Kh2 b3 36. Rb4 Bf5 37. Qxf4 Qxf4+ 38. Rxf4 Bc2 39. Rg4+ Kh8 40.
Bf3 a5 41. Ra4 Ra8 42. Be2 Kg7 43. Kg3 Kf6 44. Kf4 Bg6 45. Bd1 Be8 46. Ra3 a4
47. Bxb3 Rb8 48. Bd1 Rxb2 49. Ke3 Rb4 50. f4 Bd7 51. g4 Ke7 52. g5 Kd8 53. h4
Kc7 54. h5 Kb6 55. h6 Bf5 56. Rxa4 Rb5 57. Rc4 Rxd5 58. Bc2 1-0

[Event "TCh-FRA Top 16 GpB"]
[Site "Montpellier"]
[Date "2007.04.29"]
[Round "5.4"]
[White "Marcelin, Cyril"]
[Black "Bacrot, Etienne"]
[Result "1/2-1/2"]
[WhiteElo "2493"]
[BlackElo "2709"]
[PlyCount "46"]
[EventDate "2007.05.??"]
[EventType "team"]
[EventRounds "11"]
[EventCountry "FRA"]
[SourceDate "2007.01.01"]
[WhiteTeam "Evry"]
[BlackTeam "Paris Chess 15"]
[WhiteTeamCountry "FRA"]
[BlackTeamCountry "FRA"]

1. d4 Nf6 2. c4 c5 3. d5 e5 4. Nc3 d6 5. e4 Be7 6. g3 O-O 7. Bg2 Nbd7 8. Nge2
Ne8 9. O-O g6 10. Bh6 Ng7 11. f4 exf4 12. gxf4 f5 13. exf5 Rxf5 14. Ng3 Rf8 15.
Qc2 Nf6 16. h3 Rf7 17. Bxg7 Kxg7 18. f5 Nd7 19. fxg6 Rxf1+ 20. Rxf1 hxg6 21.
Nh5+ gxh5 22. Rf7+ Kxf7 23. Qh7+ Kf8 1/2-1/2

[Event "TCh-FRA Top 16 GpB"]
[Site "Montpellier"]
[Date "2007.04.29"]
[Round "5.6"]
[White "Brochet, Philippe"]
[Black "Fridman, Daniel"]
[Result "0-1"]
[WhiteElo "2392"]
[BlackElo "2635"]
[PlyCount "102"]
[EventDate "2007.05.??"]
[EventType "team"]
[EventRounds "11"]
[EventCountry "FRA"]
[SourceDate "2007.01.01"]
[WhiteTeam "Evry"]
[BlackTeam "Paris Chess 15"]
[WhiteTeamCountry "FRA"]
[BlackTeamCountry "FRA"]

1. e4 d5 2. exd5 Nf6 3. Bb5+ Bd7 4. Bxd7+ Qxd7 5. Nc3 Nxd5 6. Nxd5 Qxd5 7. Qf3
c6 8. Qxd5 cxd5 9. d4 Nc6 10. c3 b5 11. Nf3 f6 12. O-O e6 13. Re1 Kd7 14. h4
Bd6 15. b3 a5 16. Bb2 b4 17. a3 bxc3 18. Bxc3 Rab8 19. Reb1 Rb7 20. g3 Rhb8 21.
Nd2 Na7 22. Bxa5 Nb5 23. b4 Nxd4 24. Nb3 Nf3+ 25. Kf1 Ne5 26. Nd2 Nc6 27. Nb3
Ne5 28. Nd2 Nc6 29. Nb3 Ra7 30. Re1 Rba8 31. Re3 d4 32. Rd3 e5 33. g4 Ke6 34.
f3 Kd5 35. Rc1 Nxa5 36. Nxa5 Rc7 37. Rdd1 Rac8 38. Rxc7 Rxc7 39. Ke2 g6 40. Nb3
Ra7 41. Ra1 h5 42. gxh5 gxh5 43. b5 Rxa3 44. Rxa3 Bxa3 45. b6 f5 46. b7 Bd6 47.
Kd2 e4 48. fxe4+ fxe4 49. Nc1 Bf4+ 50. Kd1 d3 51. Na2 Kc4 0-1

[Event "TCh-FRA Top 16 GpB"]
[Site "Montpellier"]
[Date "2007.04.29"]
[Round "5.7"]
[White "Manouck, Thierry"]
[Black "Bergez, Luc"]
[Result "1-0"]
[WhiteElo "2344"]
[BlackElo "2398"]
[PlyCount "93"]
[EventDate "2007.05.??"]
[EventType "team"]
[EventRounds "11"]
[EventCountry "FRA"]
[SourceDate "2007.01.01"]
[WhiteTeam "Paris Chess 15"]
[BlackTeam "Evry"]
[WhiteTeamCountry "FRA"]
[BlackTeamCountry "FRA"]

1. c4 e5 2. g3 c6 3. d4 Bb4+ 4. Bd2 Bxd2+ 5. Qxd2 d6 6. Nc3 Qe7 7. Bg2 Nf6 8.
e3 Na6 9. Nge2 O-O 10. h3 Rb8 11. g4 h6 12. O-O b5 13. cxb5 cxb5 14. Ng3 b4 15.
Nce4 Nxe4 16. Bxe4 Nc7 17. dxe5 dxe5 18. Rfc1 Rb6 19. a3 bxa3 20. Rxa3 Nb5 21.
Rd3 Nd6 22. Bd5 Kh8 23. Rc6 f5 24. Rxb6 axb6 25. Bg2 Nb7 26. gxf5 Nc5 27. Rd6
Bxf5 28. b4 Ne6 29. Nxf5 Rxf5 30. Rxb6 Ng5 31. Rb8+ Kh7 32. Qd5 Qf6 33. h4 Nf3+
34. Bxf3 Rxf3 35. Qe4+ Rf5 36. Rb6 Qf7 37. Kg2 Kh8 38. Rb8+ Kh7 39. Rb6 Kh8 40.
Kg3 Qd7 41. Rb8+ Kh7 42. Rf8 g6 43. Rxf5 gxf5 44. Qxe5 Kg6 45. Kf4 h5 46. b5
Qd8 47. Qxf5+ 1-0

[Event "TCh-FRA Top 16 GpB"]
[Site "Montpellier"]
[Date "2007.04.29"]
[Round "5.8"]
[White "Leroy, Didier"]
[Black "Martsynovskaya, Marina"]
[Result "0-1"]
[WhiteElo "2305"]
[BlackElo "2227"]
[PlyCount "58"]
[EventDate "2007.05.??"]
[EventType "team"]
[EventRounds "11"]
[EventCountry "FRA"]
[SourceDate "2007.01.01"]
[WhiteTeam "Evry"]
[BlackTeam "Paris Chess 15"]
[WhiteTeamCountry "FRA"]
[BlackTeamCountry "FRA"]

1. d4 d5 2. c4 dxc4 3. e4 e5 4. Nf3 exd4 5. Bxc4 Bb4+ 6. Bd2 Bxd2+ 7. Nbxd2 Nc6
8. O-O Qf6 9. Re1 Nge7 10. e5 Qg6 11. b4 a6 12. e6 Bxe6 13. Bxe6 fxe6 14. Qb3
O-O-O 15. Rxe6 Qf5 16. a4 Qd5 17. b5 Na5 18. Qxd5 Nxd5 19. bxa6 b6 20. Kf1 c5
21. Rc1 Kb8 22. Ne4 Nb3 23. Rb1 c4 24. Nd6 Nc5 25. Re5 Rxd6 26. a5 Nb3 27. axb6
Nxb6 28. Re7 Rc8 29. Ke1 c3 0-1

[Event "TCh-FRA Top 16 GpB"]
[Site "Montpellier"]
[Date "2007.04.29"]
[Round "5.2"]
[White "Georgiev, Kiril"]
[Black "Naiditsch, Arkadij"]
[Result "1/2-1/2"]
[WhiteElo "2660"]
[BlackElo "2654"]
[PlyCount "66"]
[EventDate "2007.05.??"]
[EventType "team"]
[EventRounds "11"]
[EventCountry "FRA"]
[SourceDate "2007.01.01"]
[WhiteTeam "Mulhouse"]
[BlackTeam "Clichy"]
[WhiteTeamCountry "FRA"]
[BlackTeamCountry "FRA"]

1. d4 Nf6 2. c4 e6 3. Nc3 Bb4 4. Qc2 d5 5. cxd5 exd5 6. Bg5 c5 7. e3 h6 8. Bh4
cxd4 9. exd4 Nc6 10. Bb5 O-O 11. Nge2 Qb6 12. Bxc6 Qxc6 13. O-O Ne4 14. Rfc1
Nxc3 15. Nxc3 Bxc3 16. Qxc3 Qxc3 17. Rxc3 Be6 18. Rc7 b6 19. Rac1 Rfc8 20. h3
a5 21. Rxc8+ Rxc8 22. Rxc8+ Bxc8 23. Bd8 a4 24. Bxb6 Bf5 25. b3 axb3 26. axb3
Bc2 27. b4 Ba4 28. h4 h5 29. Kh2 f6 30. Kg3 Kf7 31. Kf4 Ke6 32. f3 g6 33. g4
Bb5 1/2-1/2

[Event "TCh-FRA Top 16 GpB"]
[Site "Montpellier"]
[Date "2007.04.29"]
[Round "5.3"]
[White "Tregubov, Pavel V"]
[Black "Navara, David"]
[Result "1/2-1/2"]
[WhiteElo "2615"]
[BlackElo "2720"]
[PlyCount "106"]
[EventDate "2007.05.??"]
[EventType "team"]
[EventRounds "11"]
[EventCountry "FRA"]
[SourceDate "2007.01.01"]
[WhiteTeam "Clichy"]
[BlackTeam "Mulhouse"]
[WhiteTeamCountry "FRA"]
[BlackTeamCountry "FRA"]

1. d4 Nf6 2. c4 g6 3. g3 Bg7 4. Bg2 d5 5. cxd5 Nxd5 6. e4 Nb6 7. Ne2 O-O 8. O-O
Nc6 9. d5 Na5 10. Nbc3 c6 11. Re1 cxd5 12. exd5 Nac4 13. b3 Nd6 14. Ba3 Bg4 15.
Rc1 Rc8 16. Qd3 Nd7 17. Nd4 Qb6 18. Nf3 Nc5 19. Qd2 Qa6 20. Bxc5 Rxc5 21. Na4
Rxc1 22. Rxc1 Rc8 23. Rxc8+ Nxc8 24. Qb4 h5 25. h3 Bxf3 26. Bxf3 Nd6 27. Qd2 b5
28. Nc5 Qc8 29. Ne4 Qxh3 30. Nxd6 exd6 31. Qb4 Be5 32. Qxb5 Bd4 33. Qb8+ Kg7
34. Qxd6 h4 35. Qf4 Qxg3+ 36. Qxg3 hxg3 37. d6 gxf2+ 38. Kg2 a5 39. a3 f5 40.
d7 Bb6 41. b4 axb4 42. axb4 Kf6 43. d8=Q+ Bxd8 44. Kxf2 Bb6+ 45. Kg2 Ke5 46.
Bc6 Kf4 47. Be8 g5 48. Ba4 g4 49. Bc2 Bc7 50. b5 Bb6 51. Bd3 Kg5 52. Bc2 f4 53.
Bd1 Kf5 1/2-1/2

[Event "TCh-FRA Top 16 GpB"]
[Site "Montpellier"]
[Date "2007.04.29"]
[Round "5.5"]
[White "Fressinet, Laurent"]
[Black "Wirig, Anthony"]
[Result "1-0"]
[WhiteElo "2644"]
[BlackElo "2443"]
[PlyCount "97"]
[EventDate "2007.05.??"]
[EventType "team"]
[EventRounds "11"]
[EventCountry "FRA"]
[SourceDate "2007.01.01"]
[WhiteTeam "Clichy"]
[BlackTeam "Mulhouse"]
[WhiteTeamCountry "FRA"]
[BlackTeamCountry "FRA"]

1. d4 d5 2. Nf3 Nf6 3. c4 c6 4. Nc3 a6 5. c5 Bf5 6. Bf4 Nbd7 7. e3 e6 8. Nd2
Be7 9. Be2 Bg6 10. b4 O-O 11. a4 Re8 12. O-O Bf8 13. Bg3 e5 14. Re1 exd4 15.
exd4 Re6 16. Nb3 b6 17. Rc1 a5 18. b5 bxc5 19. dxc5 Nxc5 20. Nd4 cxb5 21. Nxe6
Nxe6 22. Nxb5 Bb4 23. Rf1 Ne4 24. Bd3 Qf6 25. Bxe4 dxe4 26. Qd5 Rd8 27. Qe5
Qxe5 28. Bxe5 Nc5 29. Bc7 Ra8 30. Ra1 f5 31. Bd6 Bf7 32. Nd4 Nb3 33. Nxb3 Bxd6
34. Nd4 Be5 35. Rad1 g6 36. Nc6 Bf6 37. Rd6 Kg7 38. Rb1 Rc8 39. Rb7 g5 40. g3
h5 41. Nxa5 Rc1+ 42. Kg2 f4 43. gxf4 gxf4 44. Nb3 f3+ 45. Kh3 Rh1 46. Nd4 Be5
47. Nf5+ Kf8 48. Rd8+ Be8 49. Rxe8+ 1-0

[Event "TCh-FRA Top 16 GpB"]
[Site "Montpellier"]
[Date "2007.04.29"]
[Round "5.6"]
[White "Riff, Jean Noel"]
[Black "Apicella, Manuel"]
[Result "1/2-1/2"]
[WhiteElo "2468"]
[BlackElo "2555"]
[PlyCount "35"]
[EventDate "2007.05.??"]
[EventType "team"]
[EventRounds "11"]
[EventCountry "FRA"]
[SourceDate "2007.01.01"]
[WhiteTeam "Mulhouse"]
[BlackTeam "Clichy"]
[WhiteTeamCountry "FRA"]
[BlackTeamCountry "FRA"]

1. e4 e6 2. d3 d5 3. Qe2 dxe4 4. dxe4 e5 5. Nf3 Nc6 6. c3 a5 7. Nbd2 Bc5 8. Nc4
Qe7 9. Qc2 Nf6 10. Be2 O-O 11. O-O Nh5 12. Ne1 Nf4 13. Nd3 Nxd3 14. Qxd3 b6 15.
Qf3 Bb7 16. Ne3 Bxe3 17. Qxe3 Nd8 18. Bc4 1/2-1/2

[Event "TCh-FRA Top 16 GpB"]
[Site "Montpellier"]
[Date "2007.04.29"]
[Round "5.7"]
[White "Edouard, Romain"]
[Black "Bricard, Emmanuel"]
[Result "0-1"]
[WhiteElo "2447"]
[BlackElo "2472"]
[PlyCount "94"]
[EventDate "2007.05.??"]
[EventType "team"]
[EventRounds "11"]
[EventCountry "FRA"]
[SourceDate "2007.01.01"]
[WhiteTeam "Clichy"]
[BlackTeam "Mulhouse"]
[WhiteTeamCountry "FRA"]
[BlackTeamCountry "FRA"]

1. e4 c6 2. d4 d5 3. e5 Bf5 4. Nf3 e6 5. Be2 Nd7 6. O-O Bg6 7. Nbd2 Nh6 8. Nb3
Nf5 9. c3 f6 10. Bf4 fxe5 11. Nxe5 Nxe5 12. Bxe5 Bd6 13. Bxd6 Qxd6 14. Nc5 b6
15. Nd3 O-O 16. Ne5 c5 17. Qd2 Ne7 18. Rae1 Bf5 19. Bd1 Rac8 20. Re3 Nc6 21.
Nxc6 Rxc6 22. Rfe1 Rf6 23. g4 cxd4 24. cxd4 Be4 25. f3 Bg6 26. Ba4 b5 27. Bb3
Qf4 28. R1e2 h5 29. Rg2 hxg4 30. Rxg4 Qh6 31. Kg2 Bf5 32. Rg3 Rg6 33. Qe1 a5
34. Rc3 Rxc3 35. bxc3 a4 36. Bd1 Kf7 37. Rxg6 Bxg6 38. Be2 Qe3 39. Kf1 Bf5 40.
Qg3 Qxc3 41. Qb8 Bh3+ 42. Kf2 Qxd4+ 43. Kg3 Bf5 44. Bxb5 Qg1+ 45. Kh4 Qf2+ 46.
Kg5 Qg2+ 47. Kh4 Qh3+ 0-1

[Event "TCh-FRA Top 16 GpB"]
[Site "Montpellier"]
[Date "2007.04.29"]
[Round "5.1"]
[White "Prie, Eric"]
[Black "Rozentalis, Eduardas"]
[Result "1/2-1/2"]
[WhiteElo "2513"]
[BlackElo "2578"]
[PlyCount "59"]
[EventDate "2007.05.??"]
[EventType "team"]
[EventRounds "11"]
[EventCountry "FRA"]
[SourceDate "2007.01.01"]
[WhiteTeam "Montpellier"]
[BlackTeam "Strasbourg"]
[WhiteTeamCountry "FRA"]
[BlackTeamCountry "FRA"]

1. d4 e6 2. Nf3 b6 3. Bf4 Nf6 4. e3 Bb7 5. h3 g6 6. c4 Bg7 7. Nc3 d6 8. Be2 O-O
9. Qc2 Nbd7 10. O-O Qe7 11. Rfd1 h6 12. Bh2 Nh7 13. Rac1 f5 14. Nb5 Rfc8 15. c5
bxc5 16. dxc5 Nxc5 17. Nxd6 cxd6 18. Bxd6 Qf6 19. Bxc5 Qxb2 20. Bc4 Nf8 21. Qb3
Qxb3 22. Bxb3 Bb2 23. Rc2 Bxf3 24. gxf3 Bf6 25. Rdc1 a5 26. Bxf8 Rxc2 27. Rxc2
Kxf8 28. Rc6 Rd8 29. Rxe6 Kg7 30. Ra6 1/2-1/2

[Event "TCh-FRA Top 16 GpB"]
[Site "Montpellier"]
[Date "2007.04.29"]
[Round "5.2"]
[White "Doettling, Fabian"]
[Black "Korneev, Oleg"]
[Result "1/2-1/2"]
[WhiteElo "2539"]
[BlackElo "2565"]
[PlyCount "30"]
[EventDate "2007.05.??"]
[EventType "team"]
[EventRounds "11"]
[EventCountry "FRA"]
[SourceDate "2007.01.01"]
[WhiteTeam "Strasbourg"]
[BlackTeam "Montpellier"]
[WhiteTeamCountry "FRA"]
[BlackTeamCountry "FRA"]

1. d4 d5 2. c4 e6 3. Nf3 Nf6 4. Nc3 c6 5. Bg5 h6 6. Bxf6 Qxf6 7. e3 Nd7 8. Bd3
dxc4 9. Bxc4 g6 10. O-O Bg7 11. Qc2 O-O 12. Ne4 Qe7 13. Bb3 e5 14. Ng3 Kh8 15.
Rad1 a5 1/2-1/2

[Event "TCh-FRA Top 16 GpB"]
[Site "Montpellier"]
[Date "2007.04.29"]
[Round "5.3"]
[White "Hamdouchi, Hichem"]
[Black "Roos, Daniel"]
[Result "1-0"]
[WhiteElo "2598"]
[BlackElo "2414"]
[PlyCount "71"]
[EventDate "2007.05.??"]
[EventType "team"]
[EventRounds "11"]
[EventCountry "FRA"]
[SourceDate "2007.01.01"]
[WhiteTeam "Montpellier"]
[BlackTeam "Strasbourg"]
[WhiteTeamCountry "FRA"]
[BlackTeamCountry "FRA"]

1. e4 c6 2. d4 d5 3. f3 e6 4. Nc3 Nf6 5. e5 Nfd7 6. f4 c5 7. Nf3 Nc6 8. Ne2 Qb6
9. c3 f6 10. a3 Be7 11. h4 O-O 12. Neg1 a5 13. Bd3 f5 14. Bc2 cxd4 15. cxd4 Rf7
16. Ne2 Nf8 17. Nc3 Bd7 18. Be3 Na7 19. Rb1 Rc8 20. Bd3 Bd8 21. Kf2 Be8 22. Ng5
Bxg5 23. hxg5 g6 24. Re1 Rfc7 25. Re2 Qc6 26. Rc1 Qd7 27. Rec2 Qe7 28. Qd2 Qd8
29. a4 h6 30. gxh6 Qh4+ 31. Kg1 Kh7 32. Bf2 Qd8 33. Qe1 Qe7 34. Kh2 Bc6 35. Bh4
Qb4 36. Nb5 1-0

[Event "TCh-FRA Top 16 GpB"]
[Site "Montpellier"]
[Date "2007.04.29"]
[Round "5.4"]
[White "Kallai, Gabor"]
[Black "Maze, Sebastien"]
[Result "1/2-1/2"]
[WhiteElo "2491"]
[BlackElo "2506"]
[PlyCount "53"]
[EventDate "2007.05.??"]
[EventType "team"]
[EventRounds "11"]
[EventCountry "FRA"]
[SourceDate "2007.01.01"]
[WhiteTeam "Strasbourg"]
[BlackTeam "Montpellier"]
[WhiteTeamCountry "FRA"]
[BlackTeamCountry "FRA"]

1. d4 Nf6 2. Nf3 g6 3. Bf4 Bg7 4. e3 d6 5. h3 O-O 6. Be2 c5 7. c3 Nbd7 8. Nbd2
b6 9. O-O Bb7 10. a4 a6 11. Bh2 Rc8 12. Re1 d5 13. Ne5 Nxe5 14. Bxe5 Nd7 15.
Bxg7 Kxg7 16. Bf3 e5 17. e4 cxd4 18. cxd4 exd4 19. exd5 Nf6 20. Nb3 Bxd5 21.
Nxd4 Bxf3 22. Nxf3 Qxd1 23. Raxd1 Rfd8 24. Rxd8 Rxd8 25. Rc1 Ne4 26. b4 a5 27.
bxa5 1/2-1/2